<?xml version="1.0" encoding="UTF-8"?>
<record
    xmlns:xsi="http://www.w3.org/2001/XMLSchema-instance"
    xsi:schemaLocation="http://www.loc.gov/MARC21/slim http://www.loc.gov/standards/marcxml/schema/MARC21slim.xsd"
    xmlns="http://www.loc.gov/MARC21/slim">

  <leader>01530nam a2200205 a 4500</leader>
  <controlfield tag="001">000012929</controlfield>
  <controlfield tag="003">OSt</controlfield>
  <controlfield tag="005">20201110132356.0</controlfield>
  <controlfield tag="008">081117s1990    dr ac         000 0 spa d</controlfield>
  <datafield tag="040" ind1=" " ind2=" ">
    <subfield code="a">DO-SdBNP</subfield>
    <subfield code="b">spa</subfield>
    <subfield code="c">BNPHU</subfield>
  </datafield>
  <datafield tag="100" ind1="1" ind2=" ">
    <subfield code="a">S&#xE1;nchez de Luciano, Daysi</subfield>
    <subfield code="9">1249</subfield>
  </datafield>
  <datafield tag="245" ind1="1" ind2="0">
    <subfield code="a">Matem&#xE1;tica :</subfield>
    <subfield code="b">educaci&#xF3;n primaria /</subfield>
    <subfield code="c">Daysi S&#xE1;nchez de Luciano.</subfield>
  </datafield>
  <datafield tag="260" ind1=" " ind2=" ">
    <subfield code="a">Santo Domingo, :</subfield>
    <subfield code="b">Disesa,</subfield>
    <subfield code="c">1990.</subfield>
  </datafield>
  <datafield tag="300" ind1=" " ind2=" ">
    <subfield code="a">v. :</subfield>
    <subfield code="b">il., retrs. ;</subfield>
    <subfield code="c">27 cm.</subfield>
  </datafield>
  <datafield tag="500" ind1=" " ind2=" ">
    <subfield code="a">Educaci&#xF3;n primaria.</subfield>
  </datafield>
  <datafield tag="500" ind1=" " ind2=" ">
    <subfield code="a">La biblioteca solamente posee el volumen 6.</subfield>
  </datafield>
  <datafield tag="500" ind1=" " ind2=" ">
    <subfield code="a">Aprobado como libro de texto b&#xE1;sico para el sexto curso de la educaci&#xF3;n primaria por la Secretar&#xED;a de Estado de Educaci&#xF3;n, Bellas artes y Cultos mediante oficio No. 5103 de fecha 1 de agosto de 1989.</subfield>
  </datafield>
  <datafield tag="505" ind1="0" ind2=" ">
    <subfield code="a">v. 6 :</subfield>
    <subfield code="t">Pr&#xF3;logo --</subfield>
    <subfield code="t">Ecuaciones en las que se aplica la adicci&#xF3;n y la sustraci&#xF3;n de n&#xFA;meros naturales --</subfield>
    <subfield code="t">Ecuaciones en las que se aplica la multiplicaci&#xF3;n y divisi&#xF3;n de los n&#xFA;meros naturales --</subfield>
    <subfield code="t">Potencias de n&#xFA;meros naturales. Ra&#xED;ces cuadradas --</subfield>
    <subfield code="t">Los n&#xFA;meros fraccionarios --</subfield>
    <subfield code="t">Operaciones con n&#xFA;meros fraccionarios --</subfield>
    <subfield code="t">Las fracciones decimales --</subfield>
    <subfield code="t">Raz&#xF3;n. Proporci&#xF3;n. Tanto por ciento. Inter&#xE9;s simple --</subfield>
    <subfield code="t">Dibujos a escala. Ampliaci&#xF3;n y reducci&#xF3;n --</subfield>
    <subfield code="t">Recolecci&#xF3;n y an&#xE1;lisis de datos --</subfield>
    <subfield code="t">Unidades de medida --</subfield>
    <subfield code="t">Operaciones con diferentes unidades de medida de un mismo sistema --</subfield>
    <subfield code="t">Elementos del plano. Pol&#xED;gonos --</subfield>
    <subfield code="t">Per&#xED;metros --</subfield>
    <subfield code="t">superficies. Areas de pol&#xED;gonos --</subfield>
    <subfield code="t">Prismas. Vol&#xFA;menes y otras unidades de medida --</subfield>
  </datafield>
  <datafield tag="942" ind1=" " ind2=" ">
    <subfield code="2">ddc</subfield>
    <subfield code="c">LBS1</subfield>
  </datafield>
  <datafield tag="952" ind1=" " ind2=" ">
    <subfield code="0">0</subfield>
    <subfield code="1">0</subfield>
    <subfield code="7">1</subfield>
    <subfield code="8">PD</subfield>
    <subfield code="a">PD</subfield>
    <subfield code="b">PD</subfield>
    <subfield code="c">CT</subfield>
    <subfield code="d">2009-11-18</subfield>
    <subfield code="i">LF1</subfield>
    <subfield code="l">0</subfield>
    <subfield code="o"> </subfield>
    <subfield code="p">12929-10</subfield>
    <subfield code="r">2020-06-25</subfield>
    <subfield code="w">2020-06-25</subfield>
    <subfield code="y">LFPD</subfield>
    <subfield code="Z">No se presta</subfield>
  </datafield>
  <datafield tag="999" ind1=" " ind2=" ">
    <subfield code="c">12577</subfield>
    <subfield code="d">12577</subfield>
  </datafield>
</record>
